000 00253nam a2200097Ia 4500
001 1250822
005 20251031150904.0
008 251031s9999 xx 000 0 und d
245 0 _cİSMET BERTAN
_aJ-1 MUHTEŞEM İKİLİ
260 _bGÜNIŞIĞI YAYINLARI
999 _c1250822
_d1250822